Biblioteca

Human life is not sheep : An ethical perspective on cloning (Registro nro. 54565)

Detalles MARC
000 -LÍDER
Campo fijo de descripción fija 003410000a22001090004500
100 1# - ASIENTO PRINCIPAL--NOMBRE PERSONAL
Nombre personal Scorgie, Glen G.
245 10 - TÍTULO
Título del Material Human life is not sheep : An ethical perspective on cloning
300 ## - DESCRIPCIÓN FÍSICA
Extensión Vol. 4, Num. 4 (Diciembre, 1997), Páginas 663-680
700 1# - ASIENTO SECUNDARIO - NOMBRE PERSONAL
Nombre personal Jones, Claire F. Evans
773 0# - HOST ITEM ENTRY
Title Journal of the Theological Society
942 ## - TIPO DE MATERIAL (KOHA)
Tipo de Item KOHA Artículos de Revista
Existencias
Estado de Material Estado de Perdido Estado de Dañado No para Préstamo Colección Biblioteca de Origen Biblioteca Permanente Fecha de Adquisición Total de Préstamos Signatura Topográfica Última vez visto Fecha de Remplazo Tipo de Material
        Colección de Hemeroteca Biblioteca FUSBC Biblioteca FUSBC 26/01/2016   26/01/2016 26/01/2016 Artículos de Revista

Biblioteca FUSBC | Teléfono: (57+4) 349 88 10 Ext. 141| WhatsApp (+57) 3005338115 
E-mail: biblioteca@unisbc.edu.co | Calle 76 87-14 Robledo Palenque, Medellín, Colombia

Con tecnología Koha